Scales of Mormyrid fishes, with remarks on Albula and Elops.

Bibliographic Details
Corporate Author: Smithsonian Institution. Office of the Secretary
Other Authors: Cockerell, Theodore D. A. (Theodore Dru Alison), 1866-1948
Format: Government Document eBook
Language:English
Published: Washington, D.C. : [publisher not identified], 1910.
Series:Smithsonian Instn. Pub. No. 1931
Smithsonian Misc. Collections, Vol. 56, Art. 3
Subjects:
Online Access:Connect to the full text of this electronic document

MARC

Tag First Indicator Second Indicator Subfields
LEADER 00000cam a22000001a 4500
001 in00003669578
006 m o d f
007 cr bn mmmapmmp
008 030605s1910 dcu o f000 0 eng d
005 20260611143622.9
035 |a ebd191000078 
040 |a UMI  |c UMI  |d UtOrBLW 
086 0 |a SI 1.7:v.56/[art.3] 
099 |a SI1.7-56.3 
245 0 0 |a Scales of Mormyrid fishes, with remarks on Albula and Elops. 
264 1 |a Washington, D.C. :  |b [publisher not identified],  |c 1910. 
300 |a 1 online resource (4 pages) 
336 |a text  |b txt  |2 rdacontent 
337 |a computer  |b c  |2 rdamedia 
338 |a online resource  |b cr  |2 rdacarrier 
490 0 |a Smithsonian Instn. Pub. No. 1931 
490 0 |a Smithsonian Misc. Collections, Vol. 56, Art. 3 
500 |a Record is based on bibliographic data in ProQuest U.S. Executive Branch Documents, 1910-1932. Reuse except for individual research requires license from ProQuest, LLC. 
533 |a Electronic reproduction.  |b [Bethesda, Md.] :  |c ProQuest,  |d 2012.  |e digital, PDF file.  |n ProQuest U.S. Executive Branch Documents, 1910-1932.  |n Mode of access: World Wide Web via ProQuest website. 
538 |a System requirements: PDF reader software. 
500 |a Electronic resource. 
650 0 |a Fishes.  |0 http://id.loc.gov/authorities/subjects/sh85048726 
655 7 |a Electronic books.  |2 local 
700 1 |a Cockerell, Theodore D. A.  |q (Theodore Dru Alison),  |d 1866-1948.  |0 http://id.loc.gov/authorities/names/n88619263 
710 2 |a Smithsonian Institution.  |b Office of the Secretary.  |0 http://id.loc.gov/authorities/names/no2001090455 
776 1 8 |i Microfiche version:  |t Scales of Mormyrid fishes, with remarks on Albula and Elops  |d [Bethesda, Md.] : ProQuest,[2012]  |o CIS US Exec MF SI1.7-56.3  |w (ProQuest)cis19110216 
856 4 0 |u http://proxy.library.tamu.edu/login?url=https://congressional.proquest.com/congressional/docview/t66.d71.si1.7-56.3  |z Connect to the full text of this electronic document  |t 0 
999 f f |s a171b052-72fb-30d6-bb4a-03e3c985c188  |i 2786d05d-ab1d-3751-b624-2c6937244a29  |t 0 
952 f f |a Texas A&M University  |b College Station  |c Electronic Resources  |s www_evans  |d Available Online  |t 0  |h No information provided 
998 f f |t 0  |l Available Online